| 000 | 00774nam a2200217 a 4500 | ||
|---|---|---|---|
| 005 | 20240613063645.0 | ||
| 008 | 991125s1990 bar 000 0 spa u | ||
| 020 | _a8425417007 | ||
| 035 | _aUPN01000010645 | ||
| 049 | _aCG | ||
| 050 | 4 |
_aLB1025.2 _bB7.28 |
|
| 100 | 1 |
_aBrezinka, Wolfgang, _d1928- |
|
| 245 | 1 | 0 |
_aConceptos básicos de la ciencia de la educación : _banálisis, crítica y propuestas / _cWolfgang Brezinka ; tr. Claudio Gancho. |
| 260 |
_aBarcelona, Esp. : _bHerder, _c1990. |
||
| 300 | _a308 p. | ||
| 440 | 0 |
_aBiblioteca Herder. _pSección de pedagogía ; _v188 |
|
| 590 | _a(También localizas un ejemplar en el "Area de Reserva") | ||
| 590 | _aBibliografía Básica (BGTQ), 2010 | ||
| 650 | 4 |
_aEducación _xEstudio y enseñanza _91553 |
|
| 905 | _aLibro | ||
| 999 |
_c10645 _d10645 |
||